|
|
|
|
| LEADER |
01649nam a2200313 a 4500 |
| 001 |
0017250 |
| 003 |
BD-DhAAL |
| 008 |
091224s1979 njua b 001 0 eng d |
| 010 |
|
|
|a \\\78025785
|
| 020 |
|
|
|a 0138158606 :
|c $13.95
|
| 040 |
|
|
|a DLC
|c DLC
|d DLC
|d BD-DhAAL
|
| 082 |
0 |
0 |
|a 301.44
|2 19
|
| 100 |
1 |
|
|a Kriesberg, Louis.
|9 57764
|
| 245 |
1 |
0 |
|a Social inequality /
|c Louis Kriesberg.
|
| 260 |
|
|
|a Englewood Cliffs, N.J. :
|b Prentice-Hall,
|c c1979.
|
| 300 |
|
|
|a xi, 452 p. :
|b ill. ;
|c 24 cm
|
| 504 |
|
|
|a Includes bibliographical references and index.
|
| 526 |
|
|
|a ESS
|x Kamrul Hasan
Lecturer
Department of Economics and Social Science
Course Name : Stratification, Inequality and Power (SOC 201).
|
| 541 |
1 |
|
|e 17250, 17251
|a Essence Science Publications
|
| 650 |
|
0 |
|a Equality.
|
| 650 |
|
0 |
|a Social classes.
|
| 650 |
|
0 |
|a Social status.
|
| 650 |
|
0 |
|a Social values.
|
| 650 |
|
0 |
|a Power (Social sciences)
|
| 852 |
4 |
|
|a Ayesha Abed Library
|c General Stacks
|
| 942 |
|
|
|2 ddc
|c BK
|
| 999 |
|
|
|c 6403
|d 6403
|
| 952 |
|
|
|0 0
|1 0
|2 ddc
|4 0
|6 301_440000000000000_KRI_1979
|7 0
|9 6464
|a BRACUL
|b BRACUL
|c GEN
|d 2009-12-24
|e Essence Science Publications
|g 5000.00
|l 3
|m 72
|o 301.44 KRI
|p 3010017250
|r 2022-06-21
|s 2020-03-15
|t 1
|w 2009-12-24
|y BK
|x Requisitioned by Kamrul Hasan (Lecturer) for the course named - "Stratification, Inequality and Power" (SOC 201).
|
| 952 |
|
|
|0 0
|1 0
|2 ddc
|4 0
|6 301_440000000000000_KRI_1979
|7 0
|9 6465
|a BRACUL
|b BRACUL
|c GEN
|d 2009-12-24
|e Essence Science Publications
|g 5000.00
|l 5
|m 28
|o 301.44 KRI
|p 3010017251
|r 2026-03-02
|s 2025-12-28
|t 2
|w 2009-12-24
|y BK
|x Requisitioned by Kamrul Hasan (Lecturer) for the course named - "Stratification, Inequality and Power" (SOC 201).
|